| 000 | 00755nam a2200205 a 4500 | ||
|---|---|---|---|
| 003 | 0 | ||
| 005 | 20250225121004.0 | ||
| 008 | 101013s19uu xx 00 eng d | ||
| 050 |
_aPHS BF 723.S25 _b.D34 2010 |
||
| 100 | _ade Leon, Maria Angelica A. | ||
| 245 |
_aThe socio-emotional behavior of young adults with celebrity parents / _cMaria Angelica A. de Leon. |
||
| 260 |
_aLas PiƱas City, Philippines : _bSouthville International School and Colleges, _c2010. |
||
| 300 |
_a29 pages : _billustrations ; _c30 cm. |
||
| 504 | _aIncludes bibliographical references. | ||
| 650 | _aEmotional development. | ||
| 650 |
_aChildren of celebrities _xPsychology. |
||
| 650 |
_aYoung adults _xSocial behavior. |
||
| 650 | _aFamily influence. | ||
| 942 |
_2lcc _cPASS |
||
| 999 |
_c98401 _d98401 |
||